Εισαγωγή στη διαλεκτική : από τον Πλάτωνα ως τον Marcuse
Saved in:
| Main Author: | |
|---|---|
| Format: | Book |
| Language: | Greek |
| Published: |
Αθήνα :
Αλεξάνδρεια,
2015.
|
| Series: | Κριτική θεωρία
|
| Subjects: | |
| Tags: |
Add Tag
No Tags, Be the first to tag this record!
|
MARC
| LEADER | 00000nam a2200000 a 4500 | ||
|---|---|---|---|
| 001 | 1/109716 | ||
| 008 | 160122s2015####gr | ||| |||||||gre|| | ||
| 020 | |a 9789602216170 | ||
| 040 | |a GR-MyUa |b gre |c GR-MyUa |e AACR2 | ||
| 041 | 0 | |a gre | |
| 082 | 7 | |a 121 |2 (23) | |
| 100 | 1 | |a Ράντης, Κωνσταντίνος. | |
| 245 | 1 | 0 | |a Εισαγωγή στη διαλεκτική : |b από τον Πλάτωνα ως τον Marcuse / |c Κωνσταντίνος Ράντης. |
| 260 | |a Αθήνα : |b Αλεξάνδρεια, |c 2015. | ||
| 300 | |a 317 σ. ; |c 21 εκ. | ||
| 490 | 1 | |a (Κριτική θεωρία) | |
| 504 | |a Περιλαμβάνει βιβλιογραφία. | ||
| 650 | 0 | |a Dialectic. | |
| 830 | 0 | |a Κριτική θεωρία | |
| 852 | |a INST |b LESVOS |c EUDOXUS |e 20160122 |h 121 ΡΑΝ |p 005100057736 |q 005100057736 |t EDX |y 0 | ||
| 920 | |a Εύδοξος |b Παραγγελία |y Λέσβος-ΤΚΑΙ |z 2016-01 | ||
| 970 | |a Τζαφέρη |b Ευαγγελία |z 22-01-2016 | ||